| 000 | 00528nam a2200169Ia 4500 | ||
|---|---|---|---|
| 003 | GCL | ||
| 008 | 140319s9999 xx 000 0 ara d | ||
| 040 |
_aGCL / _cGCL |
||
| 082 | 0 | 4 |
_a894.35 _bم ا |
| 100 | 1 | _aمحمد نورالدين | |
| 245 | 1 | 0 |
_aالادب التركى الحديث ملامح ونماذج / _cمحمد نورالدين |
| 260 |
_a[S.N] : _bالدار العالمية للنشر والتوزيع ، _c1984 |
||
| 300 | _a221 ص | ||
| 490 | _a | ||
| 650 | 0 | 4 | _aالادب التركى |
| 942 |
_2ddc _cBK |
||
| 999 |
_c53624 _d53624 |
||